| 000 | 00353pam a2200157a 44500 | ||
|---|---|---|---|
| 008 | 230515b1987 xxu||||| |||| 00| 0 eng d | ||
| 020 | _aNULL | ||
| 041 | _aENGL | ||
| 082 | _a624 /GHO | ||
| 100 | _aGHOSE D.N. | ||
| 245 | _aCIVIL ENGINEERING DRAWING & DESIGN | ||
| 250 | _aN.D. | ||
| 260 |
_aNULL _bC.B.S _c1987 |
||
| 300 | _a32 HB | ||
| 650 | _aNULL | ||
| 999 |
_c621012 _d621012 |
||